书目信息 |
| 题名: |
动力总成的电气化策略
|
|
| 作者: | 瓦伦托维兹, , 弗雷尔登霍温, 著 ;北京永利信息技术公司 译 | |
| 分册: | ||
| 出版信息: | 北京 北京理工大学出版社 2016.1 |
|
| 页数: | 212页 | |
| 开本: | 24cm | |
| 丛书名: | ||
| 单 册: | ||
| 中图分类: | U463.2 | |
| 科图分类: | ||
| 主题词: | 动力总成--电气化 | |
| 电子资源: | ||
| ISBN: | 978-7-5682-1445-2 | |
| 000 | 01333nam0 2200265 450 | |
| 001 | 0400003817 | |
| 005 | 20171022145326.0 | |
| 010 | @a978-7-5682-1445-2@dCNY56.00 | |
| 100 | @a20150920d2016 em y0chiy50 ea | |
| 101 | 1 | @achi@cger |
| 102 | @aCN@b110000 | |
| 105 | @aa z 000yy | |
| 106 | @ar | |
| 200 | 1 | @a动力总成的电气化策略@9dong li zong cheng de dian qi hua ce lue@d= Strategien zur elektrifizierung des antriebsstranges@f(德) 亨宁·瓦伦托维兹(Henning Wallentowitz),(德) 爱恩特·弗雷尔登霍温(Arndt Freialdenhoven)著@g北京永利信息技术有限公司译@zger |
| 210 | @a北京@c北京理工大学出版社@d2016.1 | |
| 215 | @a212页@c图@d24cm | |
| 330 | @a本书主要介绍了电动汽车在技术、经济和战略方面的现状,并对动力总成电气化方面的相关驱动技术进行了详述。本书根据不同车辆类别,对诸如电动机、控制系统和蓄电池等关键技术进行了详细说明。此外,本书还从成本的角度对相关系统进行了评估。 | |
| 510 | 1 | @aStrategien zur elektrifizierung des antriebsstranges@zger |
| 606 | 0 | @a动力总成@x电气化 |
| 690 | @aU463.2@v5 | |
| 701 | 1 | @c(德)@a瓦伦托维兹,@9wa lun tuo wei zi@bH.@g(Wallentowitz, Henning)@4著 |
| 701 | 1 | @c(德)@a弗雷尔登霍温,@9fu lei er deng huo wen@bA.@g(Freialdenhoven, Arndt)@4著 |
| 712 | 02 | @a北京永利信息技术公司@9bei jing yong li xin xi ji shu gong si@4译 |
| 801 | 0 | @aCN@b91MARC@c20171022 |
| 905 | @b1034391-5@dU463.2@f5@e587 | |
| 动力总成的电气化策略= Strategien zur elektrifizierung des antriebsstranges/(德) 亨宁·瓦伦托维兹(Henning Wallentowitz),(德) 爱恩特·弗雷尔登霍温(Arndt Freialdenhoven)著/北京永利信息技术有限公司译.-北京:北京理工大学出版社,2016.1 |
| 212页:图;24cm |
| ISBN 978-7-5682-1445-2:CNY56.00 |
| 本书主要介绍了电动汽车在技术、经济和战略方面的现状,并对动力总成电气化方面的相关驱动技术进行了详述。本书根据不同车辆类别,对诸如电动机、控制系统和蓄电池等关键技术进行了详细说明。此外,本书还从成本的角度对相关系统进行了评估。 |
| ● |
| 相关链接 |
|
|
|
|
正题名:动力总成的电气化策略
索取号:U463.2/587
 
预约/预借
| 序号 | 登录号 | 条形码 | 馆藏地/架位号 | 状态 | 备注 |
| 1 | 1034391 | 210343911 | 第二样本阅览室/ [索取号:U463.2/587] | 在馆 | |
| 2 | 1034392 | 210343920 | 密集书库-物理学院/ [索取号:U463.2/587] | 在馆 | |
| 3 | 1034393 | 210343939 | 第三借阅区/ [索取号:U463.2/587] | 在馆 | |
| 4 | 1034394 | 210343948 | 第三借阅区/ [索取号:U463.2/587] | 在馆 | |
| 5 | 1034395 | 210343957 | 第三借阅区/ [索取号:U463.2/587] | 在馆 |